| 000 | 00627nam a2200229Ia 4500 | ||
|---|---|---|---|
| 001 | 2629 | ||
| 003 | GE_BSU | ||
| 008 | 181216s||||||||xx |||||||||||||| ||und|| | ||
| 020 | _a09789941141386 | ||
| 040 | _cGE_BSU | ||
| 080 | _a338.48(075.8) | ||
| 100 | _aხომერიკი, გ. | ||
| 245 | _aტურიზმი | ||
| 245 | _bსაქ.ტექნიკ. უნ–ტი | ||
| 260 | _aთბილისი | ||
| 260 | _bტექნიკური უნივერსტიტეტი | ||
| 260 | _c2008 | ||
| 300 | _a187გვ. | ||
| 541 | _h15 ლ. | ||
| 653 | _aტურიზმი | ||
| 942 | _cBK | ||
| 999 |
_c36700 _d36700 |
||